It looks like you're offline.
Open Library logo
additional options menu

MARC record from Internet Archive

LEADER: 03717cam 2200865 a 4500
001 ocm39313435
003 OCoLC
005 20210923142736.0
008 980615s1999 nyu 000 1 eng
010 $a 98008773
040 $aDLC$beng$cDLC$dFIT$dYBM$dBAKER$dBTCTA$dYDXCP$dCRU$dOCLCO$dOCLCF$dP4I$dOCLCQ$dOCLCO$dIAD$dOCLCO$dOCL$dOCLCO$dLTP$dNCRJL$dCHY$dSFR$dOCLCQ$dOCLCO$dVBO$dMNB$dBRL$dEYB$dHCO$dOCLCQ$dMLM$dCPS$dD9M$dCBA$dOCLCO$dB@L$dOCLCO$dCPO$dOCLCO$dLMJ$dNZAUC$dOCLCO$dJX9$dOCLCO$dZQP$dOCLCO$dIAD$dOCLCO$dOCL$dOLT$dOCLCO
019 $a962206244$a966392905$a974884610$a979933377$a1000411069$a1003835408$a1007403764$a1029318006$a1037263532$a1051092543$a1059484303$a1089153409$a1101154127$a1145738704
020 $a0380977281
020 $a9780380977284
020 $a0061240486
020 $a9780061240485
020 $a0380804557
020 $a9780380804559
020 $a0060934719
020 $a9780060934712
020 $a0061142026
020 $a9780061142024
020 $a9780061689246
020 $a0061689246
035 $a(OCoLC)39313435$z(OCoLC)962206244$z(OCoLC)966392905$z(OCoLC)974884610$z(OCoLC)979933377$z(OCoLC)1000411069$z(OCoLC)1003835408$z(OCoLC)1007403764$z(OCoLC)1029318006$z(OCoLC)1037263532$z(OCoLC)1051092543$z(OCoLC)1059484303$z(OCoLC)1089153409$z(OCoLC)1101154127$z(OCoLC)1145738704
043 $ae-uk-en
050 00 $aPR6057.A319$bS73 1999
051 $aCPB Box no. 1755 vol. 14
082 00 $a823/.914$221
096 $aGaiman, N.
100 1 $aGaiman, Neil.
245 10 $aStardust /$cNeil Gaiman.
250 $a1st ed.
260 $aNew York :$bSpike,$c1999.
300 $a238 pages ;$c25 cm
336 $atext$btxt$2rdacontent
337 $aunmediated$bn$2rdamedia
338 $avolume$bnc$2rdacarrier
520 $aThe story of young Tristran Thorn and his adventures in the land of Faerie. He has fallen in love with beautiful Victoria Forester and in order to win her hand, he must retrieve a fallen star and deliver it to her. Young adult.
586 $aAlex Award winner, 2000.
651 0 $aEngland$vFiction.
650 0 $aYoung men$vFiction.
651 1 $aEngland$xFiction.
650 7 $aYoung men.$2fast$0(OCoLC)fst01183263
651 7 $aEngland.$2fast$0(OCoLC)fst01219920
650 7 $aMeteors$vFiction.$2sears
650 7 $aMan-woman relationship$vFiction.$2sears
650 7 $aAdventure fiction.$2sears
650 7 $aLove stories.$2sears
655 0 $aFantasy fiction.
655 0 $aHistorical fiction.
655 7 $aHistorical fiction.$2fast$0(OCoLC)fst01726640
655 7 $aAction and adventure fiction.$2fast$0(OCoLC)fst01921574
655 7 $aFantasy fiction.$2fast$0(OCoLC)fst01726607
655 7 $aFiction.$2fast$0(OCoLC)fst01423787
655 7 $aRomance fiction.$2fast$0(OCoLC)fst01921732
655 7 $aFantasy fiction.$2gsafd
655 7 $aHistorical fiction.$2gsafd
655 7 $aFantasy fiction.$2gsagd
655 7 $aFantasy fiction.$2lcgft
655 7 $aHistorical fiction.$2lcgft
655 7 $aAction and adventure fiction.$2lcgft
655 7 $aRomance fiction.$2lcgft
710 2 $aCopyright Paperback Collection (Library of Congress)$5DLC
856 42 $3Publisher description$uhttp://catdir.loc.gov/catdir/description/hc042/98008773.html
938 $aBaker & Taylor$bBKTY$c22.00$d16.50$i0380977281$n0003181271$sactive
938 $aBaker and Taylor$bBTCP$n98008773$c$22.00 ($29.00 Can.)
938 $aYBP Library Services$bYANK$n1643500
029 1 $aAU@$b000013983246
029 1 $aAU@$b000021669060
029 1 $aNZ1$b4664538
029 1 $aYDXCP$b1527806
029 1 $aYDXCP$b1643500
994 $aZ0$bP4A
948 $hNO HOLDINGS IN P4A - 1172 OTHER HOLDINGS